Giotto a středověké umění : životy a díla středověkých umělců /

Kniha seznamuje se životem a tvorbou středověkého mistra malířství, architektury a sochařství - Giotta (1267-1337). Text je doplněn kvalitními reprodukcemi mistrových obrazů.

Hlavní autor: Corrain, Lucia, 1957-
Další autoři: Ricciardi, Andrea, Ricciardi, Sergio
Jazyk: Čeština
Vydáno: Praha : Svojtka a Vašut, 1996
Vydání: Čes. vyd. 1.
Edice: Mistři výtvarného umění
Témata:
Externí odkaz: Digitalizovaný dokument
Fyzický popis: 64 s. : il. ; 36 cm
Knihy
Uloženo v:
LEADER 01815nam a2200397 a 4500
001 000099522
003 CZ BrMZK
005 20210803083612.0
007 ta
008 960815s1996 xr f cze d
015 |a cnb000172999 
020 |a 80-7180-098-8 
035 |a (OCoLC)38297056 
040 |a BOA001  |b cze 
080 |a 75(450)"12/13":92 Giotto di Bondone  |2 MRF 
080 |a 929 Giotto di Bondone  |2 MRF 
100 1 |a Corrain, Lucia,  |d 1957-  |7 xx0026412  |4 aut 
245 1 0 |a Giotto a středověké umění :  |b životy a díla středověkých umělců /  |c Lucia Corrainová ; ilustrace: Sergio a Andrea Ricciardi 
250 |a Čes. vyd. 1. 
260 |a Praha :  |b Svojtka a Vašut,  |c 1996 
300 |a 64 s. :  |b il. ;  |c 36 cm 
490 1 |a Mistři výtvarného umění 
500 |a Dostupné též v digitální podobě v aplikaci Kramerius 
520 2 |a Kniha seznamuje se životem a tvorbou středověkého mistra malířství, architektury a sochařství - Giotta (1267-1337). Text je doplněn kvalitními reprodukcemi mistrových obrazů. 
653 0 |a Giotto di Bondone asi 1266-1337  |a italské malířství  |a italští malíři 
700 1 |a Ricciardi, Andrea  |7 xx0027412  |4 ill 
700 1 |a Ricciardi, Sergio  |7 xx0054057  |4 ill 
765 0 |t Giotto  |9 Česky 
830 0 |a Mistři výtvarného umění  |0 s 
856 4 1 |u http://www.digitalniknihovna.cz/mzk/uuid/uuid:a837e9d0-8468-11e5-a715-005056827e52  |y Digitalizovaný dokument  |x NDK 
910 |a BOA001  |b 4-1025.842  |b PK-N-0032.764 
920 |a 000107902 
964 |a Giotto di Bondone  |f 1266-1337  |x život  |x dílo 
990 |a BK 
996 6 |b 2610043311  |c 4-1025.842  |l MZK  |r Sklad / do 1 hodiny  |n 32  |p p.v.  |w 000099522  |u 000010  |a 1  |e BOA001  |j MZK50  |s P 
996 7 |b 2610792792  |c 4-1025.842  |l MZK  |r Sklad / do 1 hodiny  |n 3  |p dar  |w 000099522  |u 000030  |a 1  |e BOA001  |j MZK50  |s A